|
|
|
|
| LEADER |
00000nam0a2200000 4500 |
| 001 |
290778 |
| 005 |
20231102000324.0 |
| 010 |
|
|
|a 9785971016786
|
| 035 |
|
|
|a (RuTPU)RU\TPU\book\315336
|
| 090 |
|
|
|a 290778
|
| 100 |
|
|
|a 20150409d2015 k y0rusy50 ca
|
| 101 |
0 |
|
|a rus
|
| 102 |
|
|
|a RU
|
| 105 |
|
|
|a a z 001zy
|
| 200 |
1 |
|
|a Точность многокоординатных машин с ЧПУ. Теоретические и экспериментальные основы
|f Н. А. Серков
|
| 210 |
|
|
|a Москва
|c ЛЕНАНД
|d 2015
|
| 215 |
|
|
|a 290 с.
|c ил.
|
| 320 |
|
|
|a Библиогр.: с. 227-239.
|
| 330 |
|
|
|a Книга посвящена точности многокоординатных машин с числовым программным управлением (ЧПУ), характерными представителями которых являются многоцелевые станки с ЧПУ, промышленные роботы и координатные измерительные машины (КИМ). Методы исследования точности движения основаны на модели (матричной и имитационной) образования отклонений исполнительных органов машины. С использованием имитационной модели проводятся анализ точности (определения баланса точности) и синтез алгоритма коррекции. Для практической реализации коррекции необходимы соответствующие методы и средства измерения первичных отклонений и объемной точности механизмов несущей системы машины с ЧПУ, которые подробно рассмотрены в отдельных разделах. Представлен и проведен анализ обширного экспериментального материала исследования влияния квазистатических возмущающих факторов (веса, температуры) на первичные отклонения, а также влияния инерционных сил на точность воспроизведения пространственной траектории. Экспериментальный материал получен на технологическом оборудовании с ЧПУ ОАО НИАТ (многоцелевые станки с ЧПУ параллельной и последовательной структур, лазерные установки, несущие системы виброударного оборудования, и др.). Результаты анализа экспериментальных данных вылились в методику калибровки и диагностики точности многокоординатной машины при ее сборке. Приведены примеры диагностики.Книга предназначена для специалистов в области теории механизмов и машин, научных работников и инженеров, создающих и эксплуатирующих современное прецизионное технологическое оборудование с ЧПУ, а также аспирантов и студентов старших курсов технических университетов.
|
| 606 |
1 |
|
|a Металлорежущие станки с ЧПУ
|2 stltpush
|3 (RuTPU)RU\TPU\subj\42706
|9 62364
|
| 610 |
1 |
|
|a многокоординатные машины
|
| 610 |
1 |
|
|a программное обеспечение
|
| 610 |
1 |
|
|a механизмы
|
| 610 |
1 |
|
|a звенья
|
| 610 |
1 |
|
|a отклонения
|
| 610 |
1 |
|
|a исполнительные органы
|
| 610 |
1 |
|
|a измерения
|
| 610 |
1 |
|
|a методы
|
| 610 |
1 |
|
|a средства
|
| 610 |
1 |
|
|a квазистатические возмущающие факторы
|
| 610 |
1 |
|
|a вес
|
| 610 |
1 |
|
|a температура
|
| 610 |
1 |
|
|a влияние
|
| 610 |
1 |
|
|a движение
|
| 610 |
1 |
|
|a точность
|
| 610 |
1 |
|
|a динамика
|
| 610 |
1 |
|
|a силы инерции
|
| 610 |
1 |
|
|a сборка
|
| 610 |
1 |
|
|a калибровка
|
| 610 |
1 |
|
|a диагностика
|
| 675 |
|
|
|a 621.9.06-529
|v 4
|
| 700 |
|
1 |
|a Серков
|b Н. А.
|g Николай Алексеевич
|
| 801 |
|
1 |
|a RU
|b 63413507
|c 20150409
|
| 801 |
|
2 |
|a RU
|b 63413507
|c 20150603
|g RCR
|
| 942 |
|
|
|c BK
|
| 959 |
|
|
|a 39/20150409
|d 3
|e 699,00
|f ЧЗТЛ:1
|f УФ:2
|